| 000 | 01080nam a22003137a 4500 | ||
|---|---|---|---|
| 001 | BR8202118 | ||
| 003 | BR-BrBNA | ||
| 005 | 20230928091312.0 | ||
| 007 | ta | ||
| 008 | 230509b bl.||||| |||| 00| 0 por d | ||
| 040 |
_aBR-BrBNA _bpor _cBiblioteca Nacional de Agricultura |
||
| 041 | _a(Por) | ||
| 072 |
_aF00; F40 _b2120 _b3530 _b/G514 |
||
| 090 | _ 2120 BR8202118 | ||
| 100 | 1 | _aViana, A.S. | |
| 110 | 1 |
_aEscola Superior de Agricultura de Lavras, MG (Brasil) _0Tese (Magister Scientiae) |
|
| 245 | 1 | _aAclimatacao e poda das folhas de mudas de cafeeiro (Coffea arabica L. cv Catuai)visando sua adaptabilidade as condicoes de campo [Brasil] | |
| 246 | 1 | _aAcclimatization and leaves cut of coffee (Coffea arabica L. cv. Catuai)seedlincs its adaptability to field conditions [Brazil] | |
| 260 | 3 |
_aLavras, MG (Brasil): _c1981. |
|
| 300 | _a76 p. | ||
| 500 | _a11 illus.; 49 ref.; Summaries (Eng, Por) | ||
| 650 | _aCAFE | ||
| 650 | _aPODA | ||
| 650 | _aMUDA | ||
| 650 | _aACLIMATACAO | ||
| 650 | _aVIVEIRO | ||
| 909 |
_a202309 _bLucia _c55 _dLucia Elande |
||
| 942 | _cBK | ||
| 999 |
_c33285 _d33285 |
||